| 000 | 00649cam a22002173a 4500 | ||
|---|---|---|---|
| 001 | 45988 | ||
| 003 | PGUSA | ||
| 005 | 20140828084056.0 | ||
| 008 | 140615s2014||||xxu|||||s|||||000 | eng d | ||
| 040 |
_aPGUSA _beng |
||
| 042 | _adc | ||
| 100 | 1 |
_aBacon, Francis, _d1561-1626 |
|
| 245 | 1 | 0 |
_aNovum Organum : _bOr True Suggestions for the Interpretation of Nature _h[electronic resource] / _cFrancis Bacon |
| 260 |
_bProject Gutenberg, _c2014 |
||
| 506 | _aPublic domain in the USA. | ||
| 516 | _aElectronic text | ||
| 700 | 1 | _aDevey, Joseph | |
| 830 | 0 |
_aProject Gutenberg _v45988 |
|
| 856 | 4 | 0 | _uhttp://www.gutenberg.org/ebooks/45988 |
| 942 | _cEB | ||
| 999 |
_c275237 _d275237 |
||